[Event "Rated Blitz game"]
[Site "?"]
[Date "2021.05.25"]
[Round "?"]
[White "Valiant2"]
[Black "FourNinetySix"]
[Result "0-1"]
[WhiteElo "2437"]
[BlackElo "2432"]
[PlyCount "116"]
[EventDate "2021.??.??"]
[EventType "blitz"]

1. e4 e5 2. Nf3 d5 3. exd5 Bd6 4. Nc3 Nf6 5. d4 e4 6. Ng5 Bf5 7. Be2 h6 8. g4
Bxg4 9. Bxg4 hxg5 10. Bxg5 Qe7 11. Qe2 Nbd7 12. O-O-O O-O-O 13. Bxf6 Qxf6 14.
Nxe4 Qf4+ 15. Kb1 Kb8 16. Nxd6 Qxd6 17. c4 Nf6 18. h3 Qf4 19. Qe3 Qxe3 20. fxe3
Rde8 21. Rde1 b5 22. Bf3 bxc4 23. Kc2 Rd8 24. Reg1 g6 25. Rg5 Rd6 26. Kc3 Rb6
27. Rh2 Ra6 28. a3 Ra4 29. Bd1 Ra5 30. Kxc4 Rd8 31. Bf3 c6 32. b4 cxd5+ 33. Kb3
Ra6 34. Rc2 Re6 35. Re5 Rde8 36. Rxe6 Rxe6 37. Rc3 Ne4 38. Bxe4 Rxe4 39. Kc2
Rh4 40. Rc6 Rxh3 41. Kd3 Rf3 42. b5 g5 43. Ke2 g4 44. a4 Rf5 45. Rh6 g3 46.
Rh8+ Kb7 47. Rg8 Rf2+ 48. Kd3 g2 49. a5 Ra2 50. Rg7 Rxa5 51. Rxf7+ Kb6 52. Rg7
Ra2 53. e4 dxe4+ 54. Kxe4 Kxb5 55. d5 Kc5 56. Rg5 a5 57. Ke5 Re2+ 58. Kf6 a4 {
Normal} 0-1

[Event "Rated Blitz game"]
[Site "?"]
[Date "2021.05.25"]
[Round "?"]
[White "Wea_pawn"]
[Black "KamranShirazi"]
[Result "0-1"]
[WhiteElo "2608"]
[BlackElo "2536"]
[PlyCount "88"]
[EventDate "2021.??.??"]
[EventType "blitz"]

1. e4 e5 2. Nf3 d5 3. d4 dxe4 4. Nxe5 Nd7 5. Qe2 Nxe5 6. Qxe4 Nf6 7. Qxe5+ Be6
8. Bg5 Be7 9. Qb5+ c6 10. Qxb7 O-O 11. Be3 Rb8 12. Qxc6 Rxb2 13. Bd3 Bd5 14.
Qa4 Bxg2 15. Rg1 Be4 16. Nd2 Bxd3 17. cxd3 Nd5 18. a3 Re8 19. Nc4 Re2+ 20. Kf1
Bh4 21. Qxe8+ Qxe8 22. Kxe2 g6 23. Rg4 Bf6 24. Rc1 Qd7 25. Re4 Kg7 26. h4 h5
27. Nd2 Qa4 28. Rc5 Ne7 29. Rc7 Nf5 30. d5 Qxa3 31. Rxa7 Qb2 32. Kf3 Nxh4+ 33.
Kg3 Nf5+ 34. Kf3 Nxe3 35. Kxe3 Bg5+ 36. f4 Bd8 37. Nf3 Bb6+ 38. d4 Bxa7 39. Re7
Bxd4+ 40. Ke4 Qe2+ 41. Kxd4 Qxe7 42. Ne5 Qd6 43. Nd3 Qf6+ 44. Ke4 h4 {Time
forfeit} 0-1

[Event "Rated Blitz game"]
[Site "?"]
[Date "2021.05.25"]
[Round "?"]
[White "branimir2000"]
[Black "blastol"]
[Result "0-1"]
[WhiteElo "2302"]
[BlackElo "2409"]
[PlyCount "39"]
[EventDate "2021.??.??"]
[EventType "blitz"]

1. e4 e5 2. Nf3 d5 3. d4 dxe4 4. Nxe5 Bd6 5. Qe2 Nf6 6. Nc3 O-O 7. Nxe4 Nxe4 8.
Qxe4 Re8 9. Be2 Nc6 10. Bf4 f6 11. Bc4+ Be6 12. Bxe6+ Rxe6 13. Qd5 Qe8 14.
O-O-O Nxd4 15. Nd3 Ne2+ 16. Kb1 c6 17. Qc4 b5 18. Qb3 Bxf4 19. Nxf4 Nxf4 20. g3
{Normal} 0-1

[Event "Rated Blitz game"]
[Site "?"]
[Date "2021.05.25"]
[Round "?"]
[White "notforeveryone"]
[Black "TheMonsterNotTheNM"]
[Result "0-1"]
[WhiteElo "2506"]
[BlackElo "2449"]
[PlyCount "30"]
[EventDate "2021.??.??"]
[EventType "blitz"]

1. e4 e5 2. Nf3 d5 3. Nxe5 Bd6 4. d4 dxe4 5. Nc4 Nf6 6. Nc3 Nc6 7. g3 Bf5 8.
Bg2 Qe7 9. Ne3 Bg6 10. O-O O-O-O 11. a3 h5 12. b4 Be5 13. Bb2 Nxd4 14. Ncd5
Nxd5 15. Bxd4 Nc3 {Time forfeit} 0-1

[Event "Rated Blitz game"]
[Site "?"]
[Date "2021.05.25"]
[Round "?"]
[White "Wea_pawn"]
[Black "KamranShirazi"]
[Result "1-0"]
[WhiteElo "2596"]
[BlackElo "2548"]
[PlyCount "57"]
[EventDate "2021.??.??"]
[EventType "blitz"]

1. e4 e5 2. Nf3 d5 3. d4 dxe4 4. Nxe5 Nd7 5. Qe2 Ngf6 6. Nc3 Bb4 7. Bd2 O-O 8.
O-O-O Re8 9. Nxf7 Qe7 10. Ng5 Bxc3 11. Bxc3 h6 12. Qc4+ Kf8 13. Nh3 Nb6 14. Qb5
Bg4 15. Bb4 Bxd1 16. Bxe7+ Rxe7 17. Kxd1 Rd8 18. c3 c6 19. Qe2 c5 20. Nf4 Kg8
21. Kc1 cxd4 22. cxd4 Rxd4 23. a3 g5 24. Nh5 Rc7+ 25. Kb1 Nfd5 26. h4 Na4 27.
Rh3 Rd3 28. Rxd3 exd3 29. Qe8+ {Normal} 1-0

[Event "Rated Blitz game"]
[Site "?"]
[Date "2021.05.25"]
[Round "?"]
[White "JulianProleiko"]
[Black "KamranShirazi"]
[Result "1-0"]
[WhiteElo "2564"]
[BlackElo "2498"]
[PlyCount "79"]
[EventDate "2021.??.??"]
[EventType "blitz"]

1. e4 e5 2. Nf3 d5 3. exd5 e4 4. Qe2 Nf6 5. Nc3 Be7 6. Nxe4 Nxd5 7. d4 O-O 8.
Qd1 Re8 9. Bd3 f5 10. Ned2 Bb4+ 11. Kf1 Nf4 12. Bc4+ Be6 13. c3 Bd6 14. Bxe6+
Nxe6 15. Nc4 Bf4 16. g3 Bxc1 17. Rxc1 Qd5 18. Ne3 Qxa2 19. Kg2 f4 20. Nf5 Qd5
21. Qd3 Nc6 22. c4 Qd7 23. d5 Nc5 24. Qb1 Ne5 25. N5d4 Ned3 26. Rc3 Nb4 27. Ng5
g6 28. h4 Re5 29. Rf3 Rf8 30. Re1 Rxe1 31. Qxe1 Nbd3 32. Qc3 Ne5 33. Nde6 Nxf3
34. Nxf8 Nxh4+ 35. gxh4 Qg4+ 36. Kf1 Kxf8 37. Qh8+ Ke7 38. Qxh7+ Kd6 39. Nf7+
Ke7 40. Ne5+ {Normal} 1-0

[Event "Rated Blitz game"]
[Site "?"]
[Date "2021.05.25"]
[Round "?"]
[White "Ianniello"]
[Black "blastol"]
[Result "0-1"]
[WhiteElo "2370"]
[BlackElo "2405"]
[PlyCount "146"]
[EventDate "2021.??.??"]
[EventType "blitz"]

1. e4 e5 2. Nf3 d5 3. d3 Bd6 4. exd5 f5 5. c4 Nf6 6. Nc3 c6 7. dxc6 Nxc6 8. Bg5
O-O 9. Be2 Be6 10. O-O Qe8 11. Bxf6 Rxf6 12. d4 e4 13. d5 Rh6 14. h3 exf3 15.
Bxf3 Rd8 16. Qe2 Nd4 17. Qe3 Nxf3+ 18. Qxf3 Bd7 19. Rae1 Qh5 20. Qxh5 Rxh5 21.
f4 Kf7 22. a3 Rc8 23. Nb5 Bc5+ 24. Kh1 a6 25. Nc3 Bd4 26. Ne2 Bb6 27. b3 h6 28.
Ng3 Rh4 29. Re5 Bc7 30. Rxf5+ Bxf5 31. Nxf5 Rxf4 32. Rxf4 Bxf4 33. g3 g6 34.
Nd4 Bxg3 35. Kg2 Bd6 36. a4 Re8 37. Kf3 Be5 38. Ne2 Bb2 39. Nf4 g5 40. Nd3 Bd4
41. Nc1 Re3+ 42. Kg2 Rc3 43. Ne2 Rc2 44. Kf3 Rxe2 45. Kxe2 Bc5 46. Kd3 Kf6 47.
Kc3 Ke5 48. b4 Bd4+ 49. Kd3 h5 50. d6 Bb6 51. c5 Bd8 52. Ke3 g4 53. hxg4 hxg4
54. b5 Kd5 55. c6 bxc6 56. bxc6 Kxc6 57. Kf4 Kxd6 58. Kxg4 Kc6 59. Kf3 Kc5 60.
Ke2 Kb4 61. Kd2 Kxa4 62. Kc2 Kb4 63. Kb1 Bf6 64. Ka2 a5 65. Kb1 a4 66. Ka2 a3
67. Kb1 Kb3 68. Kc1 a2 69. Kd2 a1=Q 70. Ke3 Qe5+ 71. Kf3 Qd4 72. Ke2 Qc3 73.
Kf2 Kc4 {Time forfeit} 0-1

[Event "Rated Blitz game"]
[Site "?"]
[Date "2021.05.25"]
[Round "?"]
[White "Kurapika06"]
[Black "blastol"]
[Result "0-1"]
[WhiteElo "2372"]
[BlackElo "2401"]
[PlyCount "92"]
[EventDate "2021.??.??"]
[EventType "blitz"]

1. e4 e5 2. Nf3 d5 3. exd5 Bd6 4. Nc3 Nf6 5. Bc4 e4 6. Qe2 Qe7 7. Nd4 O-O 8.
O-O Qe5 9. g3 Qxd4 10. d3 Bg4 11. Qe3 Qxe3 12. Bxe3 exd3 13. Bxd3 Nbd7 14. Rfe1
Ne5 15. Bf1 Nf3+ 16. Kg2 Nxe1+ 17. Rxe1 Rfe8 18. h3 Bf5 19. Re2 a6 20. Rd2 Bb4
21. Bd4 Bxc3 22. Bxc3 Ne4 23. Rd4 Nxc3 24. bxc3 Bxc2 25. Rc4 Rac8 26. Rd4 Rcd8
27. c4 Re4 28. Rd2 Ba4 29. Bd3 Re1 30. Rb2 b6 31. Rd2 Rd1 32. Rxd1 Bxd1 33. f4
Re8 34. Kf2 Kf8 35. a3 Ba4 36. g4 Bd7 37. Kf3 c6 38. h4 Re1 39. h5 Ra1 40. Bxh7
Rxa3+ 41. Ke4 cxd5+ 42. cxd5 Bxg4 43. Ke5 Ke7 44. d6+ Kd7 45. Be4 Ra4 46. Bd5
f6# {Normal} 0-1

[Event "Rated Blitz game"]
[Site "?"]
[Date "2021.05.25"]
[Round "?"]
[White "kunderiano"]
[Black "superior2017"]
[Result "0-1"]
[WhiteElo "2339"]
[BlackElo "2403"]
[PlyCount "112"]
[EventDate "2021.??.??"]
[EventType "blitz"]

1. e4 e5 2. Nf3 d5 3. Nxe5 dxe4 4. d4 Bd6 5. Nc4 Nf6 6. Nc3 O-O 7. Bg5 Re8 8.
Qd2 h6 9. Bxf6 Qxf6 10. Nxd6 Qxd6 11. O-O-O Nc6 12. d5 Nb4 13. a3 Na6 14. Bxa6
Qxa6 15. Rhe1 Bf5 16. Qf4 Qg6 17. Qxc7 e3 18. Rxe3 Bxc2 19. Rde1 Rec8 20. Qxb7
Rab8 21. Qxa7 Bb3 22. R3e2 Bxd5 23. Qd4 Be6 24. Re3 Qxg2 25. Rg3 Qxg3 26. hxg3
Rc4 27. Qd6 Rbc8 28. Rxe6 fxe6 29. Qxe6+ Kh8 30. Kb1 R4c6 31. Qe2 R6c7 32. a4
Rd7 33. a5 Rcd8 34. a6 Rd2 35. Qb5 R2d7 36. Qb6 Ra8 37. Nb5 Rd1+ 38. Kc2 Rd7
39. a7 Rdd8 40. Qb7 Rdc8+ 41. Nc7 Rxa7 42. Qxa7 Rd8 43. Qb7 Rg8 44. Kb1 Rd8 45.
Nd5 Re8 46. Nf4 Re1+ 47. Ka2 Re8 48. Ng6+ Kh7 49. Qc6 Rd8 50. Nf4 Rb8 51. Qc2+
Kh8 52. Qg6 Ra8+ 53. Kb1 Rb8 54. Nh5 Rg8 55. Qxg7+ Rxg7 56. Nxg7 Kxg7 {Time
forfeit} 0-1

[Event "Rated Blitz game"]
[Site "?"]
[Date "2021.05.25"]
[Round "?"]
[White "mrkica1964"]
[Black "Nisamjamajkemi"]
[Result "0-1"]
[WhiteElo "2452"]
[BlackElo "2315"]
[PlyCount "44"]
[EventDate "2021.??.??"]
[EventType "blitz"]

1. e4 e5 2. Nf3 d5 3. exd5 e4 4. Qe2 Nf6 5. d3 Bb4+ 6. c3 O-O 7. dxe4 Bc5 8.
Bg5 Re8 9. Nbd2 Bg4 10. O-O-O Nbd7 11. Qc4 b5 12. Qxb5 Rb8 13. Qa4 Qc8 14. Ba6
Qd8 15. Rhf1 Nb6 16. Qc2 h6 17. Be3 Bd6 18. Rde1 Nbd7 19. Nd4 Nc5 20. Bb5 Bd7
21. Bc6 Qc8 22. f3 Qa6 {Time forfeit} 0-1

[Event "Rated Blitz game"]
[Site "?"]
[Date "2021.05.25"]
[Round "?"]
[White "Vagizovich"]
[Black "PrincessOfFriendship"]
[Result "0-1"]
[WhiteElo "2686"]
[BlackElo "2688"]
[PlyCount "66"]
[EventDate "2021.??.??"]
[EventType "blitz"]

1. e4 e5 2. Nf3 d5 3. d3 dxe4 4. dxe4 Qxd1+ 5. Kxd1 Nc6 6. Bb5 Bd7 7. Nbd2
O-O-O 8. Ke2 f6 9. Bc4 Na5 10. Bd3 Be6 11. Nb3 Nxb3 12. axb3 a6 13. Bd2 Ne7 14.
b4 Kb8 15. b5 axb5 16. Bxb5 Nc8 17. Ra2 Bxa2 18. b3 c6 19. Bd3 Bc5 20. Ra1 Bxb3
21. cxb3 Rd7 22. Bc4 Rhd8 23. Be1 Nb6 24. Be6 Rd6 25. Bh3 Kc7 26. Ba5 g6 27.
Nd2 Rd4 28. f3 Bb4 29. Bxb6+ Kxb6 30. Nc4+ Kc7 31. Ra4 Bc5 32. Ra5 b5 33. Ra6
bxc4 {Normal} 0-1

[Event "Rated Blitz game"]
[Site "?"]
[Date "2021.05.25"]
[Round "?"]
[White "romfe87"]
[Black "DarthZannah"]
[Result "0-1"]
[WhiteElo "2363"]
[BlackElo "2514"]
[PlyCount "94"]
[EventDate "2021.??.??"]
[EventType "blitz"]

1. e4 e5 2. Nf3 d5 3. Nxe5 dxe4 4. d4 Nd7 5. Nxd7 Bxd7 6. Bc4 Bd6 7. Qh5 Qe7 8.
Bg5 Nf6 9. Qh4 O-O-O 10. Nd2 h6 11. Bxf6 gxf6 12. O-O-O f5 13. Qxe7 Bxe7 14.
Bxf7 h5 15. Kb1 h4 16. g3 Rdf8 17. Bb3 c6 18. Nc4 Kc7 19. Ne5 Be8 20. d5 Bc5
21. f4 hxg3 22. hxg3 Rxh1 23. Rxh1 Kb6 24. Nc4+ Ka6 25. dxc6 Bxc6 26. Ne5 Bf2
27. Rh6 Bxg3 28. Nxc6 bxc6 29. Rxc6+ Kb7 30. Bd5 Kb8 31. a4 Bxf4 32. a5 Bc7 33.
a6 Re8 34. Rf6 e3 35. Bc4 f4 36. Be2 Bb6 37. Kc1 Kc7 38. c4 Rd8 39. b4 Rd2 40.
Bf3 Bd4 41. Rf7+ Kb6 42. c5+ Kxa6 43. Be2+ Rxe2 44. Rxf4 Bc3 45. Rc4 Bd2+ 46.
Kd1 Re1+ 47. Kc2 Rc1+ {Normal} 0-1

[Event "Rated Blitz game"]
[Site "?"]
[Date "2021.05.25"]
[Round "?"]
[White "alanford"]
[Black "blastol"]
[Result "0-1"]
[WhiteElo "2409"]
[BlackElo "2411"]
[PlyCount "40"]
[EventDate "2021.??.??"]
[EventType "blitz"]

1. e4 e5 2. Nf3 d5 3. d4 dxe4 4. Nxe5 Bd6 5. Nc4 Nf6 6. Nxd6+ Qxd6 7. Be3 Nc6
8. c4 Bg4 9. Be2 Bxe2 10. Kxe2 Nb4 11. Nc3 O-O 12. a3 Nc6 13. g3 Qe6 14. b3
Rad8 15. h3 Ne5 16. d5 Qf5 17. Kf1 h5 18. Kg2 Rfe8 19. Bf4 Nd3 20. Bxc7 Qxf2# {
Normal} 0-1

[Event "Rated Blitz game"]
[Site "?"]
[Date "2021.05.25"]
[Round "?"]
[White "damoma"]
[Black "ieks"]
[Result "1-0"]
[WhiteElo "2501"]
[BlackElo "2433"]
[PlyCount "105"]
[EventDate "2021.??.??"]
[EventType "blitz"]

1. e4 e5 2. Nf3 d5 3. exd5 Bd6 4. Nc3 Nf6 5. Bb5+ c6 6. dxc6 bxc6 7. Ba4 O-O 8.
O-O c5 9. d3 Bb7 10. Re1 Nbd7 11. Bb3 Rc8 12. Bg5 h6 13. Bh4 Qe7 14. Ne4 g5 15.
Bg3 Nxe4 16. dxe4 c4 17. Ba4 Nc5 18. c3 Bxe4 19. Bc2 f5 20. Bxe4 fxe4 21. Qd5+
Qe6 22. Qxe6+ Nxe6 23. Rxe4 Nc5 24. Re2 Nd3 25. Rd1 Rce8 26. Re4 Bb8 27. Rxc4
Nxb2 28. Rd7 Nxc4 29. h4 Nb6 30. Rd2 e4 31. Nd4 Bxg3 32. fxg3 Nd5 33. hxg5 Nxc3
34. gxh6 e3 35. Rc2 e2 36. Nxe2 Nxe2+ 37. Kh2 Rf6 38. Kh3 Re4 39. Rc8+ Kh7 40.
Rc7+ Kxh6 41. g4 Re3+ 42. Kh2 Nf4 43. Rc5 Rg6 44. g5+ Rxg5 45. Rc6+ Ng6 46. Kg1
Re2 47. Kf1 Rgxg2 48. Rf6 Rh2 49. Kg1 Rxa2 50. Rf3 Rhb2 51. Rh3+ Kg7 52. Rf3
Rb1+ 53. Rf1 {Time forfeit} 1-0

[Event "Rated Rapid game"]
[Site "?"]
[Date "2021.05.25"]
[Round "?"]
[White "Badbear"]
[Black "Gmjaknour"]
[Result "1-0"]
[WhiteElo "2470"]
[BlackElo "2521"]
[PlyCount "69"]
[EventDate "2021.??.??"]
[EventType "rapid"]

1. e4 e5 2. Nf3 d5 3. d4 dxe4 4. Nxe5 Nd7 5. Bf4 Nxe5 6. Bxe5 Nf6 7. f3 Qd5 8.
c4 Bb4+ 9. Nc3 Qa5 10. d5 Bf5 11. a3 Bxc3+ 12. Bxc3 Qc5 13. Qd4 Qxd4 14. Bxd4
a6 15. O-O-O O-O-O 16. g4 Bg6 17. Bxf6 gxf6 18. f4 f5 19. g5 h6 20. gxh6 Rxh6
21. Kd2 Bh5 22. Rc1 Bf3 23. Rg1 Rxh2+ 24. Kc3 Rh4 25. Rg7 Rf8 26. Kd4 f6 27. c5
Rxf4 28. d6 c6 29. Bc4 Bh5 30. Rh1 Rg4 31. Rc7+ Kb8 32. Rxh5 Ka7 33. Rhh7 Rb8
34. d7 Rgg8 35. Bxg8 {Time forfeit} 1-0

[Event "Rated Blitz tournament zTCMwjPB"]
[Site "?"]
[Date "2021.05.25"]
[Round "?"]
[White "licg"]
[Black "cuerosky"]
[Result "0-1"]
[WhiteElo "2501"]
[BlackElo "2210"]
[PlyCount "88"]
[EventDate "2021.??.??"]
[EventType "blitz"]

1. e4 e5 2. Nf3 d5 3. d4 dxe4 4. Nxe5 Bd6 5. Bf4 Nf6 6. Nc3 Bf5 7. Bc4 O-O 8.
Qe2 Nc6 9. O-O-O Qe7 10. g4 Nxe5 11. gxf5 Nxc4 12. Bg5 Nb6 13. Bxf6 Qxf6 14.
Nxe4 Bf4+ 15. Kb1 Qxf5 16. Qf3 Rae8 17. Nc5 Re7 18. Nd3 Re4 19. Nc5 Rfe8 20.
Nxe4 Rxe4 21. Rhe1 Rxe1 22. Rxe1 g5 23. Qxb7 Bxh2 24. Qg2 Bd6 25. Rh1 Nd5 26.
Rh5 Bf4 27. Rh1 c6 28. Qf3 Qg6 29. a3 f5 30. Qh3 g4 31. Qh5 Qxh5 32. Rxh5 Ne7
33. c4 Kg7 34. Rh1 Kg6 35. Re1 Kf6 36. Kc2 h5 37. b4 h4 38. Rh1 h3 39. Kd3 Bc7
40. f3 Ng6 41. fxg4 fxg4 42. Ke4 Kg5 43. d5 g3 44. Rxh3 g2 {Time forfeit} 0-1

[Event "Rated Blitz game"]
[Site "?"]
[Date "2021.05.25"]
[Round "?"]
[White "Muerto2014"]
[Black "ibrahim_karpove2711"]
[Result "1-0"]
[WhiteElo "2401"]
[BlackElo "2261"]
[PlyCount "89"]
[EventDate "2021.??.??"]
[EventType "blitz"]

1. e4 e5 2. Nf3 d5 3. Nxe5 Bd6 4. d4 dxe4 5. Nc4 Be7 6. Nc3 f5 7. Bf4 Nf6 8.
Be2 O-O 9. O-O Kh8 10. Ne5 Be6 11. f3 Bg8 12. fxe4 fxe4 13. Ng4 Nc6 14. Nb5
Nxg4 15. Bxg4 Bc4 16. Nxc7 Bxf1 17. Ne6 Qd5 18. Qxf1 Rf6 19. c4 Qa5 20. d5 Qb6+
21. Kh1 Nd4 22. Qc1 Nxe6 23. Bxe6 Qf2 24. Be3 Qh4 25. Bg5 Qh5 26. Bxf6 Bxf6 27.
Qe3 Bxb2 28. Rf1 Qe5 29. Qxa7 Re8 30. Qa4 Rd8 31. Qd7 Ra8 32. Qxb7 Rb8 33. h3
h6 34. Qf7 e3 35. Bf5 e2 36. Re1 Qf6 37. Qxf6 gxf6 38. Rxe2 Be5 39. Kg1 Rb4 40.
c5 Rd4 41. d6 Rd1+ 42. Kf2 Rd5 43. Rxe5 Rxe5 44. d7 Rxf5+ 45. Ke3 {Time forfeit
} 1-0

[Event "Rated Blitz game"]
[Site "?"]
[Date "2021.05.25"]
[Round "?"]
[White "jdjdejdejy"]
[Black "Junior072001"]
[Result "1-0"]
[WhiteElo "2470"]
[BlackElo "2292"]
[PlyCount "44"]
[EventDate "2021.??.??"]
[EventType "blitz"]

1. e4 e5 2. Nf3 d5 3. d3 Nc6 4. Nbd2 Nf6 5. Be2 Bc5 6. O-O O-O 7. a3 a5 8. b3
b6 9. Bb2 Re8 10. c3 Bb7 11. b4 Bd6 12. b5 Ne7 13. Qc2 Ng6 14. Rfe1 Nf4 15. Bf1
Qd7 16. exd5 Bxd5 17. c4 Bb7 18. Nxe5 Qf5 19. Ndf3 Rad8 20. Qc3 Bxf3 21. Nxf3
Rxe1 22. Nxe1 Ng4 {Normal} 1-0

[Event "Rated Blitz game"]
[Site "?"]
[Date "2021.05.25"]
[Round "?"]
[White "Fx_Pro"]
[Black "blastol"]
[Result "1-0"]
[WhiteElo "2245"]
[BlackElo "2407"]
[PlyCount "95"]
[EventDate "2021.??.??"]
[EventType "blitz"]

1. e4 e5 2. Nf3 d5 3. exd5 Bd6 4. d4 e4 5. Ne5 Nf6 6. Bb5+ c6 7. dxc6 bxc6 8.
Ba4 O-O 9. O-O Qc7 10. Bf4 Nbd7 11. Bxc6 Rb8 12. Nxd7 Bxf4 13. Nxf6+ gxf6 14.
Bxe4 f5 15. Bd3 Kh8 16. Nc3 Rg8 17. g3 Bb7 18. Qh5 Rg5 19. Qh4 Rd8 20. d5 Rdg8
21. Rad1 Rg4 22. Qh3 Bxg3 23. fxg3 Rxg3+ 24. hxg3 Rxg3+ 25. Qxg3 Qxg3+ 26. Kh1
Qh3+ 27. Kg1 Qg3+ 28. Kh1 f4 29. Rd2 f3 30. Rdf2 Bc8 31. Rxf3 Qh4+ 32. Kg1 Bg4
33. Rf4 Qg3+ 34. Kh1 Qh3+ 35. Kg1 Qg3+ 36. Kh1 Bh3 37. R1f2 f5 38. Bxf5 Bxf5
39. Rxf5 Qh3+ 40. Kg1 Qg3+ 41. Kf1 Qh3+ 42. Ke1 Qe3+ 43. Re2 Qg1+ 44. Kd2 Qg4
45. Rf8+ Kg7 46. Rfe8 Qg5+ 47. R2e3 Qe7 48. R8xe7+ {Time forfeit} 1-0

[Event "Rated Blitz tournament ZeGyEYde"]
[Site "?"]
[Date "2021.05.25"]
[Round "?"]
[White "yatayo"]
[Black "octo_dami"]
[Result "0-1"]
[WhiteElo "2467"]
[BlackElo "2353"]
[PlyCount "69"]
[EventDate "2021.??.??"]
[EventType "blitz"]

1. e4 e5 2. Nf3 d5 3. exd5 e4 4. Qe2 Nf6 5. d3 Bb4+ 6. Nfd2 O-O 7. dxe4 Nxe4 8.
c3 Nxd2 9. Bxd2 Bc5 10. Qd3 Re8+ 11. Be2 c6 12. O-O cxd5 13. Bf3 Be6 14. Na3
Bxa3 15. bxa3 Nc6 16. Rab1 Ne5 17. Qe2 Bf5 18. Rxb7 Bd3 19. Qd1 Bxf1 20. Kxf1
Rb8 21. Rxb8 Qxb8 22. g3 Nxf3 23. Qxf3 Qb1+ 24. Kg2 Qe4 25. Be3 a6 26. Bc5 f5
27. Bb4 g5 28. h3 h5 29. g4 hxg4 30. hxg4 f4 31. Qxe4 dxe4 32. c4 Rc8 33. c5
Kf7 34. Kf1 Ke6 35. Ke2 {Normal} 0-1

[Event "Rated Blitz game"]
[Site "?"]
[Date "2021.05.25"]
[Round "?"]
[White "Desperado77"]
[Black "Magical_Cat"]
[Result "1/2-1/2"]
[WhiteElo "2515"]
[BlackElo "2488"]
[PlyCount "156"]
[EventDate "2021.??.??"]
[EventType "blitz"]

1. e4 e5 2. Nf3 d5 3. d4 dxe4 4. Nxe5 Bd6 5. Be2 Bxe5 6. dxe5 Qxd1+ 7. Bxd1 Nc6
8. Nc3 Bf5 9. Bf4 O-O-O 10. O-O Nge7 11. Re1 Ng6 12. Bg3 h5 13. h3 h4 14. Bh2
Rd2 15. Nxe4 Bxe4 16. Rxe4 Rhd8 17. Bg4+ Kb8 18. Re2 Rd1+ 19. Re1 Rxa1 20. Rxa1
Ncxe5 21. Bf5 f6 22. Kf1 a5 23. b3 Rd2 24. Ke1 Rd5 25. Rd1 Rxd1+ 26. Kxd1 a4
27. f4 axb3 28. axb3 Ne7 29. Be6 N5c6 30. Bg1 g5 31. fxg5 fxg5 32. Be3 Nd8 33.
Bg4 Nf7 34. Bh5 Nd6 35. Bxg5 Nef5 36. Bg4 Ne4 37. Bxf5 Nxg5 38. Ke2 c5 39. Ke3
Kc7 40. Kf4 Nf7 41. Be6 Nd8 42. Bg8 Kd6 43. Kg5 Nc6 44. Kxh4 Ke5 45. Kg5 Nd4
46. Bh7 b5 47. h4 Ne6+ 48. Kg4 c4 49. bxc4 bxc4 50. h5 Kf6 51. g3 Nd4 52. Be4
Ne6 53. Kh4 Ng5 54. Bg6 Nf3+ 55. Kh3 Ne5 56. g4 Kg5 57. Bf5 Nf3 58. Kg3 Nd4 59.
Kf2 Kh6 60. Ke3 Nb5 61. Kf4 Nc3 62. Ke5 Kg7 63. g5 Nb5 64. h6+ Kh8 65. g6 Nc7
66. Kf6 Ne8+ 67. Kf7 Nd6+ 68. Kf8 Nxf5 69. g7+ Kh7 70. g8=Q+ Kxh6 71. Qe6+ Kg5
72. Qxc4 Ng3 73. Qg8+ Kf4 74. c4 Ne4 75. Qd5 Ke3 76. Qxe4+ Kxe4 77. c5 Kd5 78.
c6 Kxc6 {Normal} 1/2-1/2

[Event "Rated Blitz game"]
[Site "?"]
[Date "2021.05.25"]
[Round "?"]
[White "dosen1231"]
[Black "blastol"]
[Result "0-1"]
[WhiteElo "2239"]
[BlackElo "2413"]
[PlyCount "56"]
[EventDate "2021.??.??"]
[EventType "blitz"]

1. e4 e5 2. Nf3 d5 3. Nxe5 Bd6 4. d4 dxe4 5. Nc4 Nf6 6. Nxd6+ Qxd6 7. Nc3 Nc6
8. Be3 O-O 9. Bb5 Bd7 10. O-O Rfe8 11. Ne2 Ng4 12. Bf4 Qb4 13. Bxc6 Bxc6 14.
Rb1 Nf6 15. Bxc7 e3 16. c3 Qe7 17. Be5 Ng4 18. f4 f6 19. Ng3 Nh6 20. Qb3+ Kh8
21. Rbe1 fxe5 22. dxe5 Qh4 23. Rf3 Ng4 24. Rexe3 Qxh2+ 25. Kf1 Nxe3+ 26. Kf2
Ng4+ 27. Kf1 Bxf3 28. gxf3 Qf2# {Normal} 0-1

[Event "Rated Blitz game"]
[Site "?"]
[Date "2021.05.25"]
[Round "?"]
[White "olkhovskiy"]
[Black "akgupt77"]
[Result "0-1"]
[WhiteElo "2400"]
[BlackElo "2224"]
[PlyCount "116"]
[EventDate "2021.??.??"]
[EventType "blitz"]

1. e4 e5 2. Nf3 d5 3. Nxe5 Qe7 4. d4 f6 5. Ng4 dxe4 6. Bc4 c6 7. O-O f5 8. Ne5
Be6 9. Bg5 Nf6 10. Nc3 Bxc4 11. Nxc4 Nbd7 12. f3 O-O-O 13. fxe4 fxe4 14. a4 Qe6
15. b3 h6 16. Bf4 g5 17. Bg3 Bb4 18. Ne2 Nh5 19. c3 Nxg3 20. Nxg3 Bxc3 21. Rc1
Bb4 22. Qe2 Nf6 23. Nf5 Nd5 24. Qg4 Kb8 25. Qg3+ Nf4 26. Rxf4 gxf4 27. Qxf4+
Ka8 28. h3 Rhf8 29. Rf1 e3 30. Ncxe3 Bd2 31. Qe5 Bxe3+ 32. Qxe3 Qxe3+ 33. Nxe3
Rxf1+ 34. Kxf1 Rxd4 35. Ke2 Rb4 36. Nf5 Rxb3 37. Nxh6 Ra3 38. Nf5 Rxa4 39. g4
Rb4 40. Ke3 a5 41. g5 a4 42. g6 Rb1 43. Kf4 Rf1+ 44. Kg4 Rd1 45. g7 Rd8 46. h4
a3 47. h5 a2 48. h6 a1=Q 49. h7 Qg1+ 50. Kh5 Qh2+ 51. Kg6 Qg2+ 52. Kf6 Qb2+ 53.
Kg6 Qg2+ 54. Kf6 Qg4 55. h8=Q Rxh8 56. gxh8=Q+ Ka7 57. Qd8 Qa4 58. Nd6 Qh4+ {
Time forfeit} 0-1

[Event "Rated Rapid game"]
[Site "?"]
[Date "2021.05.25"]
[Round "?"]
[White "ScareCCrow06PL"]
[Black "Gmjaknour"]
[Result "1-0"]
[WhiteElo "2656"]
[BlackElo "2607"]
[PlyCount "49"]
[EventDate "2021.??.??"]
[EventType "rapid"]

1. e4 e5 2. Nf3 d5 3. d4 dxe4 4. Nxe5 Nd7 5. Nxd7 Qxd7 6. Bc4 Nf6 7. Bg5 Qf5 8.
Qd2 Bd6 9. Nc3 Be6 10. Bxe6 Qxe6 11. Bxf6 gxf6 12. a3 O-O-O 13. O-O-O Kb8 14.
Kb1 Rhg8 15. g3 Rg5 16. Rhe1 Ra5 17. Nxe4 Ra6 18. Nc5 Qc4 19. Nxa6+ Qxa6 20.
Re3 Bf8 21. Rde1 Qb6 22. Re8 Kc8 23. Qe3 c6 24. Rxd8+ Qxd8 25. Qe8 {Normal} 1-0

[Event "Rated Blitz game"]
[Site "?"]
[Date "2021.05.25"]
[Round "?"]
[White "JohnnyAnto"]
[Black "KamranShirazi"]
[Result "0-1"]
[WhiteElo "2407"]
[BlackElo "2481"]
[PlyCount "32"]
[EventDate "2021.??.??"]
[EventType "blitz"]

1. e4 e5 2. Nf3 d5 3. exd5 e4 4. Qe2 Nf6 5. d3 Bb4+ 6. c3 O-O 7. dxe4 Bc5 8.
Bg5 c6 9. e5 Re8 10. Bxf6 gxf6 11. Nbd2 Qxd5 12. Ne4 Nd7 13. Rd1 Qxa2 14. Rxd7
Bxd7 15. Nxc5 Bg4 16. Ne4 Qb1+ {Normal} 0-1

[Event "Rated Blitz game"]
[Site "?"]
[Date "2021.05.25"]
[Round "?"]
[White "Baluk"]
[Black "jflup"]
[Result "0-1"]
[WhiteElo "2349"]
[BlackElo "2474"]
[PlyCount "60"]
[EventDate "2021.??.??"]
[EventType "blitz"]

1. e4 e5 2. Nf3 d5 3. Nc3 dxe4 4. Nxe4 f5 5. Ng3 e4 6. Ne5 Nf6 7. Bc4 Qd4 8.
Nf7 Qxc4 9. Nxh8 Nc6 10. d3 exd3 11. O-O Qxc2 12. Re1+ Be7 13. Qf3 d2 14. Bxd2
Qxd2 15. Rad1 Qb4 16. Nxf5 Bxf5 17. Qxf5 Rd8 18. Rc1 Qg4 19. Qb5 Kf8 20. Qxb7
Nd4 21. Kh1 Bd6 22. Qa6 Qf4 23. g3 Qf3+ 24. Kg1 Ng4 25. Qf1 Qd5 26. Qg2 Nf3+
27. Kh1 Ngxh2 28. Re3 Qh5 29. Rxf3+ Nxf3+ 30. Qh3 Qxh3# {Normal} 0-1

[Event "Rated Blitz game"]
[Site "?"]
[Date "2021.05.25"]
[Round "?"]
[White "spiritedchess123"]
[Black "khalid_ontawar"]
[Result "0-1"]
[WhiteElo "2509"]
[BlackElo "2423"]
[PlyCount "128"]
[EventDate "2021.??.??"]
[EventType "blitz"]

1. e4 e5 2. Nf3 d5 3. exd5 e4 4. Qe2 Nf6 5. Nc3 Bf5 6. d3 Bb4 7. Nd4 Bxc3+ 8.
bxc3 Bg6 9. f3 O-O 10. fxe4 Re8 11. c4 c6 12. Bg5 cxd5 13. cxd5 Qa5+ 14. Bd2
Qb6 15. Qf2 Nxd5 16. Ne2 Qb2 17. Qd4 Qxd4 18. Nxd4 f5 19. c4 Nb6 20. Nb5 Na6
21. O-O-O fxe4 22. Nd6 Re7 23. Bg5 Rd7 24. Nxe4 Nxc4 25. dxc4 Rxd1+ 26. Kxd1
Bxe4 27. Be2 h6 28. Be3 b6 29. Kc1 Nb4 30. Rd1 Nxa2+ 31. Kb2 Nb4 32. Rd7 Nc6
33. c5 bxc5 34. Bxc5 Rb8+ 35. Kc3 Bxg2 36. Bc4+ Kh8 37. Rc7 a5 38. Bd6 Rd8 39.
Ba3 Nb4 40. Bxb4 axb4+ 41. Kxb4 Be4 42. Kc3 Bg6 43. Rc5 Kh7 44. h4 h5 45. Rg5
Kh6 46. Be2 Re8 47. Bd3 Re6 48. Bxg6 Rxg6 49. Rf5 Rg4 50. Kd3 Rxh4 51. Ke3 Rg4
52. Kf3 Rg6 53. Kf2 Rf6 54. Rxf6+ gxf6 55. Kf3 Kg5 56. Kg3 f5 57. Kh3 f4 58.
Kg2 Kf5 59. Kf2 Kg4 60. Kg2 f3+ 61. Kf2 Kf4 62. Kf1 Ke3 63. Ke1 f2+ 64. Kf1 h4
{Normal} 0-1